City Names that US States Have in Common with Other Countries - Statistics

General Stats
  • This quiz has been taken 472 times
    463 since last reset
  • The average score is 10 of 26
Answer Stats
US State Country City Name % Correct
Georgia Greece Athens
95%
Florida Russia St. Petersburg
76%
Virginia Egypt Alexandria
72%
New York Jamaica Kingston
72%
Ohio Peru Lima
71%
California Costa Rica San Jose
63%
Washington Canada Vancouver
59%
Florida Panama Panama City
53%
Illinois Switzerland Geneva
52%
New York Netherlands Amsterdam
48%
Kentucky France Paris
45%
Ohio Spain Toledo
41%
Tennessee Egypt Memphis
40%
Alabama Italy Florence
35%
Pennsylvania Israel (Palestine) Bethlehem
26%
Texas Chile San Antonio
26%
Pennsylvania United Kingdom York
24%
Kentucky United Kingdom London
18%
New York Australia Albany
12%
Colorado Mexico Durango
9%
Arizona Mexico Nogales
9%
Connecticut Ireland Waterford
9%
Nevada Italy Genoa
6%
Oklahoma United Kingdom Newcastle
4%
Michigan Turkey Troy
4%
California Portugal Santa Cruz
1%
No matching quizzes found
Score Distribution
Percent of People with Each Score
Percentile by Number Answered
Your Score History
You have not taken this quiz since the last reset